000 00502nam a22001337a 4500
082 _a371.33
_bP41d
100 1 _aPerciano, Sheryl Ann N.
245 _aDevelopment and acceptability of a competency - based module in facilitating learning for teacher education program
260 _aMorong, Rizal
_b[publisher not identified]
_c2009
300 _a89 leaves
_c28 cm. Thesis (M.Ed.) - University of Rizal System.
650 _aTeaching -- Aids and devices.
650 _aFacilitating learning.
942 _cT
999 _c15639
_d15639